000 00279nam a2200121Ia 4500
008 190216s9999||||xx |||||||||||||| ||und||
100 _aEdward A Lee
245 0 _aDigital Communication
260 _bAllied Publishers Limited
300 _a893
650 _aComputer
942 _cBK
999 _c8935
_d8935